MARC details
| 000 -CABECERA |
| campo de control de longitud fija |
03743cam a2200493 i 4500 |
| 001 - NÚMERO DE CONTROL |
| campo de control |
991061159974806706 |
| 003 - IDENTIFICADOR DEL NÚMERO DE CONTROL |
| campo de control |
ES-BaIT |
| 005 - FECHA Y HORA DE LA ÚLTIMA TRANSACCIÓN |
| campo de control |
20260424102727.0 |
| 008 - DATOS DE LONGITUD FIJA--INFORMACIÓN GENERAL |
| campo de control de longitud fija |
240715e202402 spca 000 0 spa|c |
| 015 ## - NÚMERO DE BIBLIOGRAFÍA NACIONAL |
| Número de bibliografía nacional |
LL2024 |
| Fuente |
bnc |
| 017 ## - NÚMERO DE COPYRIGHT O DE DEPÓSITO LEGAL |
| Número de copyright o de depósito legal |
DL B 1974-2024 |
| Agencia que asigna |
Biblioteca de Catalunya |
| 020 ## - NÚMERO INTERNACIONAL ESTÁNDAR DEL LIBRO |
| Número Internacional Estándar del Libro |
9788412735543 |
| 040 ## - FUENTE DE LA CATALOGACIÓN |
| Centro catalogador/agencia de origen |
ES-BaME |
| Lengua de catalogación |
cat |
| Normas de descripción |
rda |
| Centro/agencia transcriptor |
ES-BaME |
| Centro/agencia modificador |
ES-BaBC |
| 080 ## - NÚMERO DE LA CLASIFICACIÓN DECIMAL UNIVERSAL |
| Número de la Clasificación Decimal Universal |
791.83:316.4 |
| Identificador de la edición |
2004 |
| 080 ## - NÚMERO DE LA CLASIFICACIÓN DECIMAL UNIVERSAL |
| Número de la Clasificación Decimal Universal |
791/793:316.4 |
| Subdivisión auxiliar común |
-052 |
| -- |
-055.2 |
| Identificador de la edición |
2004 |
| 080 ## - NÚMERO DE LA CLASIFICACIÓN DECIMAL UNIVERSAL |
| Número de la Clasificación Decimal Universal |
791.83:37.02 |
| Identificador de la edición |
2004 |
| 080 ## - NÚMERO DE LA CLASIFICACIÓN DECIMAL UNIVERSAL |
| Número de la Clasificación Decimal Universal |
159.923.2:316.4 |
| Subdivisión auxiliar común |
-055.1/.3 |
| Identificador de la edición |
2004 |
| 080 ## - NÚMERO DE LA CLASIFICACIÓN DECIMAL UNIVERSAL |
| Número de la Clasificación Decimal Universal |
791.8 |
| 245 00 - MENCIÓN DE TÍTULO |
| Título |
Circo social y perspectiva de género : |
| Resto del título |
una mirada compartida para transformar la práctica / |
| Mención de responsabilidad, etc. |
Gemma Tadeo López (coord.) ; Sonia Ganza Grunvald [ i 4 més ] |
| 250 ## - MENCIÓN DE EDICIÓN |
| Mención de edición |
Primera edición |
| 264 #1 - PRODUCCIÓN, PUBLICACIÓN, DISTRIBUCIÓN, FABRICACIÓN Y COPYRIGHT |
| Producción, publicación, distribución, fabricación y copyright |
El Masnou : |
| Nombre del de productor, editor, distribuidor, fabricante |
Neret Edicions, |
| Fecha de producción, publicación, distribución, fabricación o copyright |
febrero de 2024 |
| 300 ## - DESCRIPCIÓN FÍSICA |
| Extensión |
86 pàgines : |
| Otras características físicas |
il·lustracions en color ; |
| Dimensiones |
24 cm |
| 336 ## - TIPO DE CONTENIDO |
| Término de tipo de contenido |
text |
| Código de tipo de contenido |
txt |
| Fuente |
rdacontent |
| 337 ## - TIPO DE MEDIO |
| Nombre/término del tipo de medio |
sense mediació |
| Código del tipo de medio |
n |
| Fuente |
rdamedia |
| 338 ## - TIPO DE SOPORTE |
| Nombre/término del tipo de soporte |
volum |
| Código del tipo de soporte |
nc |
| Fuente |
rdacarrier |
| 490 1# - MENCIÓN DE SERIE |
| Mención de serie |
Art de fer |
| 500 ## - NOTA GENERAL |
| Nota general |
Document fruit del procés de treball realitzat per la taula “Circ i perspectiva de gènere”, emmarcada en la mesura Circ Comunitari del Pla d’Impuls del Circ 2019-2022. |
| 504 ## - NOTA DE BIBLIOGRAFÍA, ETC. |
| Nota de bibliografía, etc. |
Bibliografia: pàgines 85-86 |
| 505 8# - NOTA DE CONTENIDO CON FORMATO |
| Nota de contenido con formato |
Conté: 1. Introducción -- 2. Glosario -- 2.1 Conceptos relacionados con el sistema sexo-género -- 2.2 Desiguadades y violencias del sistema sexo-género -- 2.3 Otros ejes de desigualdad y discriminación -- 3. Coeducación en los talleres -- 3.1 Ocupación del espacio según el género -- 3.2 Estereotipos de género y técnicas de circo -- 3.3 Rol del equipo formativo -- 3.4 Poner en el centro y dar valor al mundo femenino -- 3.5 Corporalidad de los cuerpos y expresión de género -- 3.6 Uso del lenguaje inclusivo -- 4. Gestión de las violencias -- 5. El proceso creativo -- 6. Fases para implementar la perspectiva de género -- 6.1 Calentamiento: Análisis de la realidad -- 6.2 Pongámonos las pilas: Planificación -- 6.3 Nuevas rutinas: Implementación -- 6.4 Coloquio posfunción: Evaluación -- 7. Bibliografía |
| 520 ## - SUMARIO, ETC. |
| Sumario, etc. |
"Este libro ofrece definiciones, reflexiones y herramientas para acercar la perspectiva de género a las prácticas artísticas y educativas desde el circo social.Es el fruto del proceso de trabajo llevado a cabo por la mesa «Circo y perspectiva de género» enmarcada en la medida Circo Comunitario del Plan de Impulso del Circo 2019-2022 de la Generalitat de Catalunya.Pero no es solo eso. Para sus impulsoras ha supuesto un espacio de reflexión colectiva donde han compartido, discutido y aprendido conjuntamente, con la intención de transmitir la importancia de aplicar la perspectiva de género en el ámbito del arte y la acción social en general, y en particular en el circo social.Cuando el clamor de los feminismos ha conseguido llegar a todos los debates, es el momento de declarar, como algo imprescindible, que las prácticas artísticas han de revisarse también desde esta perspectiva." -- Contracoberta |
| 610 #0 - PUNTO DE ACCESO ADICIONAL DE MATERIA--NOMBRE DE ENTIDAD CORPORATIVA |
| Nombre de entidad corporativa o nombre de jurisdicción como elemento de entrada |
Ateneu Popular Nou Barris |
| Fuente del encabezamiento o término |
lemac |
| 9 (RLIN) |
103090 |
| 650 #0 - PUNTO DE ACCESO ADICIONAL DE MATERIA--TÉRMINO DE MATERIA |
| Término de materia o nombre geográfico como elemento de entrada |
Art i acció social |
| 9 (RLIN) |
167994 |
| 650 #0 - PUNTO DE ACCESO ADICIONAL DE MATERIA--TÉRMINO DE MATERIA |
| Término de materia o nombre geográfico como elemento de entrada |
Arts de l'espectacle |
| Subdivisión general |
Diferències entre sexes |
| Fuente del encabezamiento o término |
lemac |
| 9 (RLIN) |
157332 |
| 650 #0 - PUNTO DE ACCESO ADICIONAL DE MATERIA--TÉRMINO DE MATERIA |
| Término de materia o nombre geográfico como elemento de entrada |
Circ |
| Subdivisión general |
Aspectes socials |
| -- |
Diferències entre sexes |
| Fuente del encabezamiento o término |
lemac |
| 9 (RLIN) |
169302 |
| 650 #0 - PUNTO DE ACCESO ADICIONAL DE MATERIA--TÉRMINO DE MATERIA |
| Término de materia o nombre geográfico como elemento de entrada |
Dones en les arts de l'espectacle |
| Subdivisión general |
Aspectes socials |
| Fuente del encabezamiento o término |
lemac |
| 9 (RLIN) |
169303 |
| 650 #0 - PUNTO DE ACCESO ADICIONAL DE MATERIA--TÉRMINO DE MATERIA |
| Término de materia o nombre geográfico como elemento de entrada |
Circ |
| Subdivisión general |
Ensenyament |
| Fuente del encabezamiento o término |
lemac |
| 9 (RLIN) |
131447 |
| 650 #0 - PUNTO DE ACCESO ADICIONAL DE MATERIA--TÉRMINO DE MATERIA |
| Término de materia o nombre geográfico como elemento de entrada |
Identitat de gènere |
| Subdivisión general |
Aspectes socials |
| Fuente del encabezamiento o término |
lemac |
| 9 (RLIN) |
169304 |
| 700 1# - ENTRADA AGREGADA--NOMBRE PERSONAL |
| Nombre de persona |
Tadeo López, Gemma |
| Término indicativo de función/relación |
autor, |
| -- |
coordinador |
| 9 (RLIN) |
160199 |
| 700 1# - ENTRADA AGREGADA--NOMBRE PERSONAL |
| Nombre de persona |
Ganza Grunvald, Sonia |
| Término indicativo de función/relación |
autor |
| 9 (RLIN) |
160200 |
| 830 ## - PUNTO DE ACCESO ADICIONAL DE SERIE-TÍTULO UNIFORME |
| Título uniforme |
Art de fer |
| 9 (RLIN) |
159979 |
| 908 ## - COLOCAR PARÁMETRO DE COMANDO (RLIN) |
| Colocar parámetro de comando |
MEB |
| -- |
BC |
| -- |
CDMAE |
| 940 ## - EQUIVALENCIA O REFERENCIA-CRUZADA--TÍTULO UNIFORME [OBSOLETO] [solamente CAN/MARC] |
| Título uniforme |
<a href="CVA2">CVA2</a> |
| 942 ## - ELEMENTOS DE ENTRADA AGREGADA (KOHA) |
| Fuente del sistema de clasificación o colocación |
Clasificación decimal universal |
| Tipo de ítem Koha |
Llibre |